Panamá: Unidad Nacional y Unidad Popular. Alternativas para los movientos sociales

Gespeichert in:
Bibliographische Detailangaben
1. Verfasser: Gandásegui H, Marco A.
Format: Text
Veröffentlicht: Panamá: CELA
Tags: Tag hinzufügen
Keine Tags, Fügen Sie den ersten Tag hinzu!

MARC

LEADER 00000 a a2200000 04500
001 23298
003
040
090 |a 161200  
100 |a Gandásegui H, Marco A.  
245 |a Panamá: Unidad Nacional y Unidad Popular. Alternativas para los movientos sociales  
260 |a Panamá:   |b CELA  
300 |a 21 p.  
999 |c 13882  |d 13882